[Event "XIV Festival A"]
[Site "Porto San Giorgio ITA"]
[Date "2002.08.21"]
[Round "2"]
[White "Malloni, Marcello"]
[Black "Roeder, Matthias"]
[Result "1/2-1/2"]
[WhiteElo "2261"]
[BlackElo "2485"]
[PlyCount "73"]
[EventDate "2002.08.20"]

1. e4 c5 2. Nf3 d6 3. c3 Nf6 4. Bd3 Nc6 5. Bc2 Bg4 6. d3 e6 7. O-O Be7 8. Re1
O-O 9. Nbd2 Bh5 10. h3 d5 11. g4 Bg6 12. Nh4 b5 13. Nxg6 hxg6 14. Nf3 a6 15.
Qe2 Re8 16. Bd2 Qc7 17. Rac1 dxe4 18. dxe4 Rad8 19. Rcd1 Nd7 20. e5 c4 21. h4
Nc5 22. Bf4 Rxd1 23. Rxd1 Rd8 24. Bg3 Rxd1+ 25. Qxd1 Qd8 26. Qxd8+ Bxd8 27. Nd2
Bb6 28. Kf1 Ne7 29. Ke2 Nd5 30. f4 Kf8 31. Kf3 Ke7 32. Be1 Nd7 33. Nf1 Nc5 34.
Bd2 a5 35. Ne3 Nxe3 36. Bxe3 a4 37. Bxc5+ 1/2-1/2

[Event "XIV Festival A"]
[Site "Porto San Giorgio ITA"]
[Date "2002.08.21"]
[Round "2"]
[White "Miezis, Normunds"]
[Black "Friedrich, Norbert"]
[Result "1-0"]
[WhiteElo "2510"]
[BlackElo "2296"]
[PlyCount "61"]
[EventDate "2002.08.20"]

1. c4 e6 2. e4 d5 3. exd5 exd5 4. d4 Bb4+ 5. Nc3 Ne7 6. Nf3 O-O 7. Be2 dxc4 8.
Bxc4 Bg4 9. Be3 Nbc6 10. O-O Nf5 11. Qd3 Qd7 12. Ng5 Na5 13. Bb5 c6 14. Ba4 Bh5
15. a3 Be7 16. b4 Nc4 17. Qxc4 Nxe3 18. fxe3 Bxg5 19. Qd3 Rfe8 20. Rae1 Rad8
21. d5 Re5 22. e4 Qe7 23. Bb3 Kh8 24. Rf2 f5 25. Ref1 fxe4 26. Nxe4 Bh4 27. g3
Bg6 28. d6 Qe8 29. Bf7 Bxf7 30. Rxf7 h6 31. gxh4 1-0

[Event "XIV Festival A"]
[Site "Porto San Giorgio ITA"]
[Date "2002.08.21"]
[Round "2"]
[White "Mrdja, Milan"]
[Black "Facchetti, Gianni"]
[Result "1/2-1/2"]
[WhiteElo "2370"]
[BlackElo "2154"]
[PlyCount "156"]
[EventDate "2002.08.20"]

1. e4 e5 2. Nf3 Nc6 3. Bb5 Bc5 4. O-O Nd4 5. Nxd4 Bxd4 6. c3 Bb6 7. d4 c6 8.
Ba4 d6 9. d5 Ne7 10. Nd2 Bc7 11. c4 O-O 12. Bc2 cxd5 13. cxd5 Ng6 14. Nc4 b5
15. Ne3 Bb6 16. g3 Ne7 17. a4 bxa4 18. Rxa4 Bd7 19. Ra2 f5 20. exf5 Nxf5 21.
Nxf5 Bxf5 22. Bxf5 Rxf5 23. Qe2 Qc7 24. Be3 Raf8 25. Ra3 Bxe3 26. Rxe3 Qc5 27.
Qd2 R5f7 28. Kg2 h6 29. Rc3 Qb4 30. Qc2 Qd4 31. f3 Qxd5 32. Rd1 Qb7 33. Rb3 Qa8
34. Qc4 Kh8 35. Rd5 Rb7 36. Rxd6 Rxb3 37. Qxb3 e4 38. f4 e3+ 39. Qd5 Qxd5+ 40.
Rxd5 Rb8 41. Kf3 Rxb2 42. Kxe3 Rxh2 43. Ra5 Rb2 44. Rxa7 Rb3+ 45. Kf2 Rb6 46.
Kf3 Kg8 47. Kg4 Rf6 48. Rb7 Kf8 49. Rb5 Kf7 50. Kh4 Ra6 51. Rb7+ Kf6 52. g4 Kg6
53. Re7 Rf6 54. f5+ Kh7 55. Re8 Rf7 56. Re6 Rd7 57. Rc6 Rf7 58. Kh5 Ra7 59. Kh4
Rf7 60. Kg3 Ra7 61. Rc4 Re7 62. Kf4 Rb7 63. Rd4 Ra7 64. Ke5 Re7+ 65. Kf4 Ra7
66. Rd6 Re7 67. Kg3 Rf7 68. Kh4 Ra7 69. Rd8 Rf7 70. Rc8 Ra7 71. Rf8 Re7 72. Kh5
Ra7 73. Rc8 Rf7 74. Rc6 Ra7 75. Rg6 Rb7 76. f6 gxf6 77. Rxh6+ Kg7 78. Rg6+ Kf7
1/2-1/2

[Event "XIV Festival A"]
[Site "Porto San Giorgio ITA"]
[Date "2002.08.21"]
[Round "2"]
[White "Naumkin, Igor"]
[Black "Pietrobon, Fabio"]
[Result "1-0"]
[WhiteElo "2436"]
[BlackElo "2217"]
[PlyCount "73"]
[EventDate "2002.08.20"]

1. d4 Nf6 2. Nf3 g6 3. c4 Bg7 4. Nc3 O-O 5. e4 d6 6. Be2 c5 7. d5 Na6 8. O-O
Nc7 9. h3 a6 10. a4 Rb8 11. a5 b5 12. axb6 Rxb6 13. Ra2 Bd7 14. Re1 e5 15. dxe6
Nxe6 16. Bf1 Bc6 17. Nd5 Bxd5 18. cxd5 Nc7 19. Nd2 Nfe8 20. Nc4 Rb8 21. Bf4 f6
22. Qd2 Rf7 23. Bg3 Qe7 24. f4 Bh6 25. Qd3 Rd8 26. Be2 Ng7 27. Bf3 Qf8 28. Bh2
Rfd7 29. Kh1 Nh5 30. Bxh5 gxh5 31. Ne3 Qg7 32. Nf5 Qf8 33. Qf3 Re8 34. Qxh5 Bg7
35. Ra3 Rb8 36. e5 dxe5 37. fxe5 1-0

[Event "XIV Festival A"]
[Site "Porto San Giorgio ITA"]
[Date "2002.08.21"]
[Round "2"]
[White "Safranska, Anda"]
[Black "Rotstein, Arkadij"]
[Result "1/2-1/2"]
[WhiteElo "2309"]
[BlackElo "2557"]
[PlyCount "55"]
[EventDate "2002.08.20"]

1. e4 c5 2. Nf3 e6 3. d3 Nc6 4. c3 Nf6 5. Qe2 d5 6. g3 b6 7. Bg2 Ba6 8. e5 Nd7
9. O-O Be7 10. c4 dxc4 11. dxc4 Qc7 12. Nc3 Rd8 13. Re1 Nd4 14. Nxd4 cxd4 15.
Nb5 Bxb5 16. cxb5 Bb4 17. Bg5 Bxe1 18. Bxd8 Qxd8 19. Rxe1 O-O 20. Qc4 f6 21.
Qxe6+ Kh8 22. f4 fxe5 23. fxe5 d3 24. Qd6 Nc5 25. Rd1 Qc8 26. Bh3 Qe8 27. Bg2
Qc8 28. Bh3 1/2-1/2

[Event "XIV Festival A"]
[Site "Porto San Giorgio ITA"]
[Date "2002.08.21"]
[Round "2"]
[White "Schaefer, Michael"]
[Black "Kohlweyer, Bernd"]
[Result "0-1"]
[WhiteElo "2170"]
[BlackElo "2452"]
[PlyCount "102"]
[EventDate "2002.08.20"]

1. d4 Nf6 2. c4 e6 3. Nc3 Bb4 4. g3 c5 5. Nf3 cxd4 6. Nxd4 O-O 7. Bg2 d5 8. O-O
dxc4 9. Qa4 Qa5 10. Qxa5 Bxa5 11. Ndb5 Nc6 12. Nd6 Nd4 13. e3 Bxc3 14. bxc3
Ne2+ 15. Kh1 Nxc1 16. Rfxc1 Rb8 17. Nxc4 Bd7 18. Ne5 Rfc8 19. Rab1 b6 20. c4
Kf8 21. Bf3 Ke7 22. h4 Be8 23. Kg2 Kd6 24. Nd3 Nd7 25. Be2 Nc5 26. Nf4 Ke7 27.
f3 Rd8 28. Rd1 Rxd1 29. Rxd1 Rc8 30. Kf2 h6 31. Ng2 g5 32. g4 Nd7 33. hxg5 hxg5
34. Ne1 Rc5 35. f4 Nf6 36. Rd4 Ra5 37. fxg5 Rxg5 38. Nc2 Ra5 39. a3 Nd7 40. Kg3
Nc5 41. g5 Ba4 42. Nb4 Bd7 43. Nc2 Be8 44. Bf3 Nb3 45. Rg4 Nd2 46. Kf2 Nxf3 47.
Kxf3 Ba4 48. Nb4 Bd1+ 49. Kg3 Bxg4 50. Nc6+ Kd7 51. Nxa5 Bd1 0-1

[Event "XIV Festival A"]
[Site "Porto San Giorgio ITA"]
[Date "2002.08.21"]
[Round "2"]
[White "Shytaj, Luca"]
[Black "Lazarev, Vladimir"]
[Result "0-1"]
[WhiteElo "2216"]
[BlackElo "2458"]
[PlyCount "66"]
[EventDate "2002.08.20"]

1. e4 c5 2. Nf3 Nc6 3. d4 cxd4 4. Nxd4 Qc7 5. Nc3 e6 6. Be3 a6 7. Qd2 Nf6 8. f3
Ne5 9. O-O-O b5 10. g4 h6 11. h4 b4 12. Na4 d5 13. Be2 Bb7 14. g5 hxg5 15. hxg5
Rxh1 16. Rxh1 Nfd7 17. b3 dxe4 18. f4 Nf3 19. Nxf3 exf3 20. Bc4 O-O-O 21. Rd1
Be7 22. Qf2 Qc6 23. Rd4 Nf8 24. Rxd8+ Bxd8 25. Nc5 Nd7 26. Nxb7 Kxb7 27. Qd2
Be7 28. c3 a5 29. Bd4 Nb6 30. Bxb6 Kxb6 31. Qd4+ Bc5 32. Qxg7 Qe4 33. cxb4 Be3+
0-1

[Event "XIV Festival A"]
[Site "Porto San Giorgio ITA"]
[Date "2002.08.21"]
[Round "2"]
[White "Zaja, Ivan"]
[Black "Baquero, Luis A."]
[Result "0-1"]
[WhiteElo "2459"]
[BlackElo "2275"]
[PlyCount "54"]
[EventDate "2002.08.20"]

1. d4 Nf6 2. c4 e6 3. Nf3 b6 4. Nc3 Bb7 5. Bg5 Bb4 6. Qb3 c5 7. O-O-O h6 8. Bh4
Bxc3 9. Qxc3 g5 10. Bg3 Ne4 11. Qc2 Nxg3 12. hxg3 Bxf3 13. gxf3 cxd4 14. Rxd4
Nc6 15. Rd2 Qf6 16. Bg2 Rc8 17. Qa4 O-O 18. Kb1 Ne5 19. Rc2 Nxc4 20. Rd1 d5 21.
e4 b5 22. Qa6 dxe4 23. fxe4 Rc5 24. Bf1 Qf3 25. Re1 Rfc8 26. Bxc4 Rxc4 27. Rd2
Qxe4+ 0-1

[Event "XIV Festival A"]
[Site "Porto San Giorgio ITA"]
[Date "2002.08.22"]
[Round "3"]
[White "Aldrovandi, Costantino"]
[Black "Safranska, Anda"]
[Result "1/2-1/2"]
[WhiteElo "2414"]
[BlackElo "2309"]
[PlyCount "124"]
[EventDate "2002.08.20"]

1. c4 g6 2. g3 Bg7 3. Bg2 d6 4. Nc3 e5 5. e4 Nc6 6. Nge2 h5 7. h4 Nf6 8. d3 Bg4
9. O-O Qd7 10. Kh2 Nd4 11. f3 Nxe2 12. Nxe2 Be6 13. b3 c6 14. d4 Qc7 15. d5
cxd5 16. cxd5 Bd7 17. Be3 O-O 18. Qd2 Ne8 19. Rac1 Qd8 20. Qb4 f5 21. Qxb7 Rb8
22. Qxa7 f4 23. Bf2 fxg3+ 24. Kxg3 Bh6 25. Rc2 Rf7 26. Qa3 g5 27. hxg5 Bxg5 28.
Kh2 h4 29. Rg1 Kh7 30. b4 Qf6 31. Be3 Bxe3 32. Qxe3 Rxb4 33. Bh1 Ba4 34. Rd2
Ng7 35. Qg5 Qxg5 36. Rxg5 Kh6 37. Rg4 Kh5 38. Rg1 Bd7 39. Bg2 Kh6 40. Rf1 Nh5
41. Rc1 h3 42. Bxh3 Bxh3 43. Kxh3 Rxf3+ 44. Kg2 Re3 45. Kf2 Rexe4 46. Rc6 Kg5
47. Rxd6 Nf4 48. Rd8 Nxe2 49. Rxe2 Rxe2+ 50. Kxe2 Rb2+ 51. Ke3 Rxa2 52. Re8 Kf6
53. d6 Ra3+ 54. Ke4 Ra4+ 55. Kd5 Rd4+ 56. Kc6 Rc4+ 57. Kd7 e4 58. Re6+ Kf7 59.
Re7+ Kf6 60. Re6+ Kf7 61. Re5 Kf6 62. Re6+ Kf7 1/2-1/2

[Event "XIV Festival A"]
[Site "Porto San Giorgio ITA"]
[Date "2002.08.22"]
[Round "3"]
[White "Baldazzi, Stefano"]
[Black "Fercec, Nenad"]
[Result "0-1"]
[WhiteElo "2149"]
[BlackElo "2494"]
[PlyCount "72"]
[EventDate "2002.08.20"]

1. c4 e5 2. g3 Nf6 3. Bg2 d5 4. cxd5 Nxd5 5. Nc3 Nb6 6. Nf3 Nc6 7. d3 Be7 8.
O-O O-O 9. Re1 Bg4 10. h3 Bh5 11. Be3 f5 12. Qd2 Bd6 13. Bg5 Qd7 14. Qd1 f4 15.
g4 Bf7 16. Bh4 Kh8 17. Ng5 Bg8 18. Nge4 h6 19. f3 Nd4 20. Bf2 Be7 21. Nb1 Nd5
22. Nbc3 Ne3 23. Bxe3 fxe3 24. Qc1 b5 25. Ng3 b4 26. Nce4 b3 27. axb3 Bb4 28.
Rf1 Nxb3 29. Qxe3 Nxa1 30. Rxa1 a5 31. Nf5 Bh7 32. Neg3 Bd6 33. d4 exd4 34.
Qxd4 Bxf5 35. gxf5 Qb5 36. Ne4 Be5 0-1

[Event "XIV Festival A"]
[Site "Porto San Giorgio ITA"]
[Date "2002.08.22"]
[Round "3"]
[White "Bonafede, Alessandro"]
[Black "Schaefer, Michael"]
[Result "0-1"]
[WhiteElo "1746"]
[BlackElo "2170"]
[PlyCount "96"]
[EventDate "2002.08.20"]

1. e4 c5 2. Nf3 e6 3. d4 cxd4 4. Nxd4 a6 5. Nc3 Qc7 6. Be2 Nf6 7. a3 d6 8. O-O
Be7 9. f4 O-O 10. Bf3 Nc6 11. f5 Nxd4 12. Qxd4 d5 13. Be3 dxe4 14. Bxe4 Ng4 15.
Bf4 Bc5 16. Bxc7 Bxd4+ 17. Kh1 Nf2+ 18. Rxf2 Bxf2 19. fxe6 Bxe6 20. Rf1 Bd4 21.
Rd1 Bxc3 22. bxc3 Rac8 23. Ba5 b6 24. Bxb6 Rxc3 25. Ba5 Rcc8 26. c3 Bc4 27. Bb7
Rb8 28. Bc6 Rfc8 29. Bf3 g6 30. h3 Rb2 31. Rd4 Rb5 32. Bb4 a5 33. Rxc4 Rxc4 34.
Be2 axb4 35. axb4 Rcxb4 36. cxb4 Rxb4 37. Kh2 f5 38. Kg3 g5 39. Bf3 Kg7 40. Bc6
h5 41. Bd7 Kf6 42. Be8 h4+ 43. Kf3 g4+ 44. hxg4 fxg4+ 45. Kf2 Kg5 46. Bc6 Kf4
47. Bd5 Rb2+ 48. Ke1 Ke3 0-1

[Event "XIV Festival A"]
[Site "Porto San Giorgio ITA"]
[Date "2002.08.22"]
[Round "3"]
[White "Bottino, Alexiei"]
[Black "Voltolini, Giuseppe"]
[Result "1-0"]
[WhiteElo "2068"]
[BlackElo "2285"]
[PlyCount "83"]
[EventDate "2002.08.20"]

1. d4 d5 2. c4 c6 3. Nf3 Nf6 4. cxd5 cxd5 5. Nc3 Nc6 6. Bf4 Ne4 7. Rc1 Nxc3 8.
bxc3 g6 9. e3 Bg7 10. Be2 O-O 11. O-O Bf5 12. c4 dxc4 13. Bxc4 Rc8 14. Qd2 e5
15. Bg5 Qa5 16. d5 Qxd2 17. Nxd2 Na5 18. Be7 Rfe8 19. d6 Bf8 20. Bb5 Nc6 21.
Bxc6 bxc6 22. Bxf8 Kxf8 23. Nb3 Red8 24. Rfd1 Ke8 25. f3 Be6 26. Nc5 Kf8 27. e4
Bxa2 28. Ra1 Bc4 29. Rxa7 h5 30. h4 Be6 31. Rb7 Rb8 32. Rc7 Rb6 33. Rd2 Ra8 34.
Kf2 Rd8 35. g3 Bh3 36. f4 exf4 37. gxf4 Bg4 38. f5 Kg8 39. fxg6 fxg6 40. Ke3
Rb4 41. Rxc6 Rf8 42. Rf2 1-0

[Event "XIV Festival A"]
[Site "Porto San Giorgio ITA"]
[Date "2002.08.22"]
[Round "3"]
[White "Ciampi, Vincenzo"]
[Black "Dragojlovic, Andjelko"]
[Result "0-1"]
[WhiteElo "2109"]
[BlackElo "2351"]
[PlyCount "48"]
[EventDate "2002.08.20"]

1. e4 c5 2. Nc3 d6 3. Nge2 Nc6 4. d4 cxd4 5. Nxd4 g6 6. Bc4 Bg7 7. Be3 Nf6 8.
h3 O-O 9. Bb3 Bd7 10. O-O Rc8 11. f4 Qa5 12. Nf3 Rfd8 13. Qe1 Be8 14. Rd1 Qh5
15. Bc1 e6 16. Rf2 Qa5 17. Qf1 b5 18. f5 b4 19. fxe6 bxc3 20. Ng5 cxb2 21.
exf7+ Bxf7 22. Bxf7+ Kh8 23. Bb3 Rf8 24. Bxb2 Qxg5 0-1

[Event "XIV Festival A"]
[Site "Porto San Giorgio ITA"]
[Date "2002.08.22"]
[Round "3"]
[White "Cocchi, Andrea"]
[Black "Arlandi, Ennio"]
[Result "1-0"]
[WhiteElo "2281"]
[BlackElo "2454"]
[PlyCount "57"]
[EventDate "2002.08.20"]

1. Nf3 d5 2. b3 Nf6 3. Bb2 e6 4. e3 Be7 5. Be2 O-O 6. O-O Nbd7 7. c4 b6 8. cxd5
Nxd5 9. Na3 Bb7 10. Nc4 c5 11. d4 Rc8 12. Rc1 Rc7 13. Nfe5 Nxe5 14. Nxe5 Qa8
15. dxc5 Bxc5 16. Bd4 Rd8 17. Bf3 f6 18. Nd3 Bxd4 19. exd4 Nc3 20. Bxb7 Qxb7
21. Qe1 Qc8 22. Qe3 Rxd4 23. Rxc3 Rxc3 24. Qxd4 e5 25. Qd6 h5 26. Nb4 Kh7 27.
Nd5 Rc2 28. Qe7 Qc6 29. Nb4 1-0

[Event "XIV Festival A"]
[Site "Porto San Giorgio ITA"]
[Date "2002.08.22"]
[Round "3"]
[White "De Vita, Igor"]
[Black "Bukal, Vladimir jr"]
[Result "0-1"]
[WhiteElo "2160"]
[BlackElo "2405"]
[PlyCount "92"]
[EventDate "2002.08.20"]

1. d4 d5 2. c4 c6 3. e3 Nf6 4. Nf3 Bf5 5. Nc3 e6 6. Qb3 Qc8 7. Bd2 Bd6 8. Rc1
O-O 9. Be2 h6 10. cxd5 exd5 11. Nb5 Be7 12. Bb4 Bxb4+ 13. Qxb4 a5 14. Qa3 Bg4
15. h3 Bh5 16. Nd6 Qc7 17. Nf5 Nbd7 18. O-O Kh8 19. Ng3 Bg6 20. Bd3 Bxd3 21.
Qxd3 Rfe8 22. Nd2 Nb6 23. b3 Nc8 24. a4 Nd6 25. Rc2 Qe7 26. Nf5 Qe6 27. Nxd6
Qxd6 28. Rfc1 Re6 29. Qf5 g6 30. Qf3 h5 31. g3 Kg7 32. Kg2 Qb4 33. Rc3 Rae8 34.
Qd1 Qd6 35. Rc5 h4 36. Qf3 hxg3 37. Qxg3 Qd8 38. Rg1 Qe7 39. Rc2 Rh8 40. Rh1
Nh5 41. Qf3 Rf6 42. Qg4 Rf5 43. Nf3 Nf6 44. Qg3 Qe4 45. Rd2 g5 46. Rg1 Rh6 0-1

[Event "XIV Festival A"]
[Site "Porto San Giorgio ITA"]
[Date "2002.08.22"]
[Round "3"]
[White "Efimov, Igor"]
[Black "Pacilli, Emanuele"]
[Result "1-0"]
[WhiteElo "2463"]
[BlackElo "2142"]
[PlyCount "63"]
[EventDate "2002.08.20"]

1. d4 Nf6 2. c4 g6 3. Nc3 Bg7 4. e4 d6 5. f3 O-O 6. Bg5 c5 7. d5 Nbd7 8. Qd2 a6
9. Nh3 Qa5 10. Be2 Rd8 11. Nf2 b5 12. cxb5 Rb8 13. a4 h6 14. Be3 Rb6 15. O-O
Kh7 16. Rfc1 e6 17. dxe6 fxe6 18. e5 Nxe5 19. Bxc5 Rb8 20. Rd1 Nd5 21. Bd4 Nb6
22. b3 Nbd7 23. Rab1 Qc7 24. bxa6 Nc5 25. Nb5 Qb6 26. a7 Ra8 27. b4 Qc6 28.
Bxc5 dxc5 29. Qxd8 Ba6 30. Qd6 Bxb5 31. axb5 Qxd6 32. Rxd6 1-0

[Event "XIV Festival A"]
[Site "Porto San Giorgio ITA"]
[Date "2002.08.22"]
[Round "3"]
[White "Esposito, Luca"]
[Black "Bruned, Vianney"]
[Result "1-0"]
[WhiteElo "2155"]
[BlackElo "1413"]
[PlyCount "73"]
[EventDate "2002.08.20"]

1. d4 Nf6 2. c4 g6 3. Nc3 Bg7 4. e4 d6 5. f3 O-O 6. Be3 e5 7. d5 Nh5 8. Qd2 f5
9. Bg5 Nf6 10. O-O-O f4 11. Kb1 h6 12. Bh4 g5 13. Be1 Nbd7 14. g3 a5 15. h4 Nh5
16. Nce2 Nb6 17. Rc1 Bd7 18. hxg5 Qxg5 19. Nh3 Qg6 20. gxf4 Bxh3 21. Bxh3 Nxf4
22. Nxf4 Rxf4 23. Be6+ Kh8 24. Bf2 Qg2 25. Be3 Qxd2 26. Bxd2 Rxf3 27. Bxh6 Bxh6
28. Rxh6+ Kg7 29. Rch1 Nxc4 30. Rh7+ Kf6 31. b3 Nd2+ 32. Kc2 Re3 33. Rf7+ Kg6
34. Rg1+ Kh6 35. Rf6+ Kh7 36. Bf5+ Kh8 37. Rh6# 1-0

[Event "XIV Festival A"]
[Site "Porto San Giorgio ITA"]
[Date "2002.08.22"]
[Round "3"]
[White "Facchetti, Gianni"]
[Black "Aleksic, Nenad"]
[Result "0-1"]
[WhiteElo "2154"]
[BlackElo "2393"]
[PlyCount "100"]
[EventDate "2002.08.20"]

1. e4 c5 2. Nf3 d6 3. d4 cxd4 4. Qxd4 a6 5. Be3 Nf6 6. Nc3 Nbd7 7. Be2 g6 8.
O-O Bg7 9. Qd2 O-O 10. Nd4 Qc7 11. a4 Nc5 12. f3 b6 13. Rfd1 Bb7 14. Nb3 Rfd8
15. Nxc5 bxc5 16. Qe1 e6 17. a5 d5 18. exd5 exd5 19. Na4 Nd7 20. Bf2 Re8 21.
Qd2 Be5 22. g3 Bg7 23. Ra3 Re7 24. Re3 Rae8 25. Rxe7 Rxe7 26. Re1 d4 27. Bd1
Ne5 28. Nb6 Qc6 29. Qf4 Bh6 30. Qe4 Qe6 31. Qh4 Bd2 32. Rxe5 Qxe5 33. Nc4 Bg5
34. Nxe5 Bxh4 35. Nd3 c4 36. Nb4 Bf6 37. Kf1 Rc7 38. b3 cxb3 39. cxb3 Rc1 40.
Ke2 Ra1 41. Bc2 Rxa5 42. Bd3 Ra3 43. Bc4 a5 44. Nc2 Ra2 45. Kd3 Bxf3 46. Bxd4
Bxd4 47. Nxd4 Bb7 48. h4 Rg2 49. Ke3 Rxg3+ 50. Kf4 Rh3 0-1

[Event "XIV Festival A"]
[Site "Porto San Giorgio ITA"]
[Date "2002.08.22"]
[Round "3"]
[White "Farago, Ivan"]
[Black "Colovic, Aleksandar"]
[Result "1/2-1/2"]
[WhiteElo "2502"]
[BlackElo "2370"]
[PlyCount "60"]
[EventDate "2002.08.20"]

1. d4 Nf6 2. c4 e6 3. Nf3 b6 4. g3 Ba6 5. b3 Bb7 6. Bg2 Bb4+ 7. Bd2 a5 8. O-O
O-O 9. Nc3 d5 10. Ne5 Qc8 11. cxd5 exd5 12. Qc2 c5 13. Nb5 Ba6 14. Bxb4 axb4
15. a4 bxa3 16. Rxa3 Nc6 17. Rfa1 Nb4 18. Qd2 Rb8 19. Nd6 Qe6 20. Ndxf7 Bxe2
21. Ng5 Qf5 22. Bh3 Bg4 23. Nxg4 Nxg4 24. dxc5 bxc5 25. f3 h6 26. Bxg4 Qxg5 27.
Qxg5 hxg5 28. Ra5 Nc2 29. Rd1 Ne3 30. Rc1 Nxg4 1/2-1/2

[Event "XIV Festival A"]
[Site "Porto San Giorgio ITA"]
[Date "2002.08.22"]
[Round "3"]
[White "Glek, Igor V."]
[Black "Tomescu, Vlad"]
[Result "1/2-1/2"]
[WhiteElo "2590"]
[BlackElo "2438"]
[PlyCount "91"]
[EventDate "2002.08.20"]

1. e4 c5 2. Nf3 Nc6 3. Bb5 e6 4. Bxc6 bxc6 5. d3 Ne7 6. Qe2 Ng6 7. h4 h5 8. e5
Be7 9. Na3 f6 10. Nc4 Ba6 11. Qe4 Kf7 12. Bd2 Bxc4 13. dxc4 fxe5 14. Nxe5+ Nxe5
15. Qxe5 Bf6 16. Qxc5 Qb6 17. Qd6 Qxb2 18. Rd1 Qxc2 19. Qxd7+ Kg6 20. Qd6 Qe4+
21. Be3 Qxc4 22. Qd3+ Qxd3 23. Rxd3 Rab8 24. O-O Rb2 25. Rc1 Rxa2 26. Rxc6 Bxh4
27. Rxe6+ Bf6 28. Rdd6 a5 29. Re5 a4 30. Bg5 Rd8 31. Ra6 Rd1+ 32. Kh2 Rxf2 33.
Rea5 Rb1 34. Bh4 Rc2 35. Rg5+ Kh6 36. Rf5 Rbb2 37. Bxf6 Rxg2+ 38. Kh1 Rh2+ 39.
Kg1 Rbg2+ 40. Kf1 gxf6 41. Rfxf6+ Kg7 42. Rfd6 Rf2+ 43. Ke1 h4 44. Rd7+ Rf7 45.
Rxf7+ Kxf7 46. Rxa4 1/2-1/2

[Event "XIV Festival A"]
[Site "Porto San Giorgio ITA"]
[Date "2002.08.22"]
[Round "3"]
[White "Lazarev, Vladimir"]
[Black "Sebastianelli, Dario"]
[Result "1-0"]
[WhiteElo "2458"]
[BlackElo "2221"]
[PlyCount "77"]
[EventDate "2002.08.20"]

1. d4 c5 2. d5 f5 3. c4 Nf6 4. Nc3 d6 5. g3 g6 6. Bg2 Bg7 7. Nh3 Na6 8. O-O O-O
9. Nf4 Nc7 10. a4 Rb8 11. Rb1 Ng4 12. Qc2 b6 13. b4 cxb4 14. Rxb4 Bd7 15. Nb5
a5 16. Rb1 Nxb5 17. cxb5 Rc8 18. Qd1 Rc4 19. Ne6 Bxe6 20. dxe6 Qc7 21. Bc6 Ne5
22. Bd5 Rd4 23. Qb3 Rb4 24. Qa2 Rxb1 25. Qxb1 Rc8 26. Be3 Qb8 27. h3 Nc4 28.
Bc1 Qc7 29. e4 fxe4 30. Qxe4 Ne5 31. Be3 Qc3 32. Bxb6 Nc4 33. Bxc4 Rxc4 34.
Qa8+ Rc8 35. Qxa5 Qf3 36. Qd2 Qf5 37. Rc1 Rf8 38. Bd4 Qd5 39. Rd1 1-0

[Event "XIV Festival A"]
[Site "Porto San Giorgio ITA"]
[Date "2002.08.22"]
[Round "3"]
[White "Pietrobon, Fabio"]
[Black "Di Peco, Diego"]
[Result "1-0"]
[WhiteElo "2217"]
[BlackElo "1788"]
[PlyCount "67"]
[EventDate "2002.08.20"]

1. d4 d5 2. Nf3 Nf6 3. Bf4 e6 4. e3 c5 5. c3 Nc6 6. Nbd2 b6 7. Bb5 Bd7 8. Ba6
Bc8 9. Bd3 Bb7 10. O-O Be7 11. h3 O-O 12. Ne5 Rc8 13. Qf3 Bd6 14. g4 Qe7 15. g5
Bxe5 16. dxe5 Nd7 17. Qg3 Rfd8 18. g6 hxg6 19. Bg5 f6 20. exf6 gxf6 21. Bh6
Nce5 22. Bxg6 Nxg6 23. Qxg6+ Kh8 24. Qh5 Qh7 25. Kh2 Rg8 26. Rg1 Ne5 27. Qh4
Rcf8 28. Rxg8+ Kxg8 29. Qg3+ Kf7 30. Bxf8 Kxf8 31. Rg1 Kf7 32. Nf3 Nxf3+ 33.
Qxf3 Qc2 34. Qg3 1-0

[Event "XIV Festival A"]
[Site "Porto San Giorgio ITA"]
[Date "2002.08.22"]
[Round "3"]
[White "Popchev, Milko"]
[Black "Campora Sivori, Daniel Hugo"]
[Result "1-0"]
[WhiteElo "2419"]
[BlackElo "2522"]
[PlyCount "67"]
[EventDate "2002.08.20"]

1. d4 Nf6 2. Nf3 e6 3. c3 b6 4. Bg5 Bb7 5. Nbd2 h6 6. Bxf6 gxf6 7. e4 d5 8.
exd5 Qxd5 9. Bc4 Qh5 10. Qe2 Nd7 11. Ba6 Qd5 12. a4 Rg8 13. Bxb7 Qxb7 14. O-O
a6 15. a5 b5 16. c4 Bb4 17. g3 Bxd2 18. Nxd2 bxc4 19. Nxc4 Kf8 20. Rfd1 Rg5 21.
Ne3 Rb5 22. Rac1 Rd8 23. Qg4 Rxa5 24. Qf4 Kg7 25. Rxc7 Qxb2 26. Ng4 Rg5 27.
Rxd7 Rxd7 28. Qxf6+ Kf8 29. Qxh6+ Rg7 30. Nf6 Rxd4 31. Rc1 Rd2 32. Rc8+ Ke7 33.
Re8+ Kd6 34. Rd8+ 1-0

[Event "XIV Festival A"]
[Site "Porto San Giorgio ITA"]
[Date "2002.08.22"]
[Round "3"]
[White "Rigo, Janos"]
[Black "Cerquitella, Luca"]
[Result "1-0"]
[WhiteElo "2303"]
[BlackElo "2083"]
[PlyCount "75"]
[EventDate "2002.08.20"]

1. e4 e5 2. Nf3 Nc6 3. Bb5 a6 4. Ba4 Nf6 5. O-O Be7 6. d3 b5 7. Bb3 O-O 8. a4
Bb7 9. axb5 axb5 10. Rxa8 Bxa8 11. Nc3 b4 12. Nd5 Na5 13. Nxe7+ Qxe7 14. Ba2
Re8 15. Nh4 d5 16. Nf5 Qd8 17. f3 c5 18. Bg5 c4 19. Qe1 Qb6+ 20. Be3 d4 21. Bg5
cxd3 22. cxd3 b3 23. Bb1 Nd7 24. Qg3 f6 25. Bd2 g6 26. h4 Nf8 27. f4 Nc6 28.
Nd6 Rd8 29. Nc4 Qc7 30. fxe5 fxe5 31. h5 Bb7 32. Bh6 Ba6 33. Nd2 Ne7 34. Nxb3
Ne6 35. Ba2 Kh8 36. Nd2 Bc8 37. Nc4 Nc6 38. hxg6 1-0

[Event "XIV Festival A"]
[Site "Porto San Giorgio ITA"]
[Date "2002.08.22"]
[Round "3"]
[White "Roeder, Matthias"]
[Black "Gosio, Denis"]
[Result "1-0"]
[WhiteElo "2485"]
[BlackElo "2154"]
[PlyCount "83"]
[EventDate "2002.08.20"]

1. d4 Nf6 2. c4 e6 3. Nf3 b6 4. Nc3 Bb4 5. Bg5 Bb7 6. e3 h6 7. Bh4 g5 8. Bg3
Bxc3+ 9. bxc3 Ne4 10. Bd3 d6 11. Qc2 f5 12. d5 Nd7 13. Bxe4 fxe4 14. Qxe4 Qf6
15. Qxe6+ Qxe6 16. dxe6 Nc5 17. h4 g4 18. Nd4 Ke7 19. f3 Rag8 20. e4 gxf3 21.
gxf3 Nxe6 22. Nf5+ Kf6 23. Bf2 Rh7 24. Ke2 Ba6 25. Ne3 h5 26. a4 Bb7 27. a5 Bc6
28. Nd5+ Ke5 29. Rhg1 Rhg7 30. Rxg7 Rxg7 31. Ke3 Bxd5 32. cxd5 Nc5 33. axb6
axb6 34. Ra8 Kf6 35. Ke2 Kg6 36. Bd4 Rh7 37. Ke3 Nd7 38. Rg8+ Kh6 39. f4 Rf7
40. Rh8+ Rh7 41. Rc8 Nc5 42. f5 1-0

[Event "XIV Festival A"]
[Site "Porto San Giorgio ITA"]
[Date "2002.08.22"]
[Round "3"]
[White "Rotstein, Arkadij"]
[Black "Malloni, Marcello"]
[Result "1-0"]
[WhiteElo "2557"]
[BlackElo "2261"]
[PlyCount "67"]
[EventDate "2002.08.20"]

1. b3 d5 2. Bb2 Nf6 3. c4 c6 4. e3 Bf5 5. Nf3 e6 6. Nc3 h6 7. Be2 Be7 8. O-O
O-O 9. a3 Nbd7 10. b4 a6 11. Qb3 Ne4 12. d3 Nxc3 13. Bxc3 Bf6 14. h3 Qe7 15.
Rfc1 Rfd8 16. Bxf6 Qxf6 17. cxd5 exd5 18. Qc3 Qe7 19. a4 Nf6 20. Qc5 Rd6 21.
Nd4 Be6 22. Nb3 Bd7 23. Qd4 Be8 24. Nc5 Rad8 25. Rab1 Nh7 26. Nb3 Ng5 27. Bg4
Rg6 28. Qc5 Qf6 29. Nd4 h5 30. Bf5 Nf3+ 31. Nxf3 Qxf5 32. Nh4 Qxd3 33. Nxg6
Qxg6 34. Qe7 1-0

[Event "XIV Festival A"]
[Site "Porto San Giorgio ITA"]
[Date "2002.08.22"]
[Round "3"]
[White "Sax, Gyula"]
[Black "Cioara, Andrei Nestor"]
[Result "1-0"]
[WhiteElo "2518"]
[BlackElo "2414"]
[PlyCount "119"]
[EventDate "2002.08.20"]

1. e4 e6 2. d4 d5 3. Nc3 Bb4 4. e5 c5 5. a3 Ba5 6. Qg4 Ne7 7. dxc5 Bxc3+ 8.
bxc3 Ng6 9. Nf3 Nc6 10. Bd3 Qc7 11. O-O Ncxe5 12. Nxe5 Qxe5 13. Qd4 Qxd4 14.
cxd4 b6 15. Bb5+ Kd8 16. Rb1 Bd7 17. c4 bxc5 18. dxc5 Rb8 19. Bd2 Rc8 20. Ba5+
Ke8 21. Bxd7+ Kxd7 22. cxd5 Rxc5 23. Rb7+ Kc8 24. Rxa7 exd5 25. Bb6 Rc6 26. Bd4
Rc7 27. Ra5 f6 28. Rxd5 Nf4 29. Ra5 Kd7 30. Be3 Ne2+ 31. Kh1 Nc3 32. Re1 Re8
33. g4 Re4 34. f3 Ra4 35. Rxa4 Nxa4 36. Bd2 Nb6 37. Ba5 Rc6 38. Rd1+ Ke6 39. f4
f5 40. h3 g6 41. Re1+ Kf6 42. g5+ Kf7 43. Bxb6 Rxb6 44. Ra1 Ke6 45. a4 Kd5 46.
a5 Ra6 47. Kg2 Kc5 48. Kf3 Kb5 49. h4 Kc4 50. h5 gxh5 51. Kg3 Kd4 52. Rd1+ Kc4
53. Rd7 Rxa5 54. Rxh7 Ra3+ 55. Kh4 Kd4 56. Rb7 Ra4 57. g6 Ke4 58. g7 Ra1 59.
Rb4+ Kf3 60. Rb3+ 1-0